000 00815nam1a22002411i 4500
001 rc\744771
005 20240726052517.0
035 _a(NLR Aleph) 006322113
090 _a7461216
_c7461216
100 _a20040301d1985 u |0rusy50 ca
101 0 _arus
102 _aRU
105 _ay |||||||||
200 1 _aПроектирование структур баз данных
_eВ 2 кн.
_fПер. с англ. под ред. В.И. Скворцова
210 _aМ.
_cМир
_d1985
215 _d22
300 _aПеревод изд.: Design of database structures / Toby J. Teorey, James P. Fry (Енглеwoo Cliffs, 1982)
700 1 _aТиори
_bТ.
_gТоби
701 1 _aФрай
_bД.
_gДжеймс
801 0 _aRU
_bNLR
_gpsbo
801 1 _aRU
_bELAR
_2rusmarc
852 _aNLR
_j85-5/3171
942 _cBOOK